00401nam a2200157Ia 4500003000400000008004100004040001600045082001300061100002100074245004700095260003000142300001000172490002400182650001500206650002200221GCL140319s9999 xx 000 0 eng d aGCL / cGCL04a843bO F1 aJ'ORMESSON, JEAN10aLA FLOIRE DE L'EMPIRE / cJ'ORMESSON, JEAN a[S.N] : bFOLIO ، c1994 a694 P aCOLLECTION FOLIOv004aLITERATURE04aFRENCH LITERATURE